[Event "8. Kurz-Open Buchen im Odenwald 2019"]
[Site "8. Kurz-Open Buchen im Odenwal"]
[Date "2019.09.07"]
[Round "3.12"]
[White "Floerchinger, Peter"]
[Black "Wolff, Sidney Robert"]
[Result "1/2-1/2"]
[WhiteElo "1950"]
[BlackElo "1722"]
[PlyCount "93"]
[EventDate "2019.09.06"]

1. e4 c5 2. Nf3 d6 3. d4 cxd4 4. Nxd4 Nc6 5. Bc4 Nf6 6. Nc3 g6 7. O-O Bg7 8. f3
O-O 9. Be3 Ne5 10. Bb3 Bd7 11. Qd2 a5 12. a4 Rc8 13. Rab1 Rc5 14. Ncb5 Nc4 15.
Bxc4 Rxc4 16. b3 Rc5 17. c4 Rc8 18. Rfd1 h5 19. Qf2 h4 20. Qxh4 Rc5 21. Bg5 Re5
22. Nc3 Nh7 23. f4 Rxg5 24. fxg5 Qb6 25. Qf2 Nxg5 26. h4 Bxd4 27. Qxd4 Qxd4+
28. Rxd4 Ne6 29. Rd2 Bc6 30. Nd5 Re8 31. b4 axb4 32. Rxb4 Nc5 33. a5 Nxe4 34.
Ra2 Nc5 35. Rb6 Kf8 36. Nc7 Rc8 37. a6 Nxa6 38. Nxa6 bxa6 39. Raxa6 Be4 40. Rb4
Bd3 41. Raa4 f5 42. g3 e5 43. Kf2 Ke7 44. Ke3 Bf1 45. Kf2 Bd3 46. Ke3 Bf1 47.
Kf2 1/2-1/2


[Site "8. Kurz-Open Buchen im Odenwal"]
[Date "2019.09.07"]
[Round "3.13"]
[White "Behringer, Daniel"]
[Black "Ensslinger, Colin"]
[Result "1-0"]
[WhiteElo "1939"]
[BlackElo "1666"]
[PlyCount "65"]
[EventDate "2019.09.06"]

1. Nf3 Nf6 2. c4 e6 3. g3 d5 4. b3 c5 5. Bg2 Be7 6. O-O O-O 7. Bb2 Nc6 8. e3
Qb6 9. cxd5 exd5 10. d4 c4 11. Ne5 Rd8 12. Nxc6 bxc6 13. Nd2 Rb8 14. Qc1 cxb3
15. Nxb3 a5 16. Ba3 Bb4 17. Bxb4 Qxb4 18. Qxc6 a4 19. Nc5 h6 20. Qxa4 Qxa4 21.
Nxa4 Ba6 22. Rfb1 Rxb1+ 23. Rxb1 Bc4 24. Rb2 Ra8 25. Nc3 Ra3 26. Rc2 Bd3 27.
Rc1 Bc4 28. Bf3 Bxa2 29. Nxa2 Rxa2 30. Rc8+ Kh7 31. Rc5 g6 32. Bxd5 Ng4 33.
Bxa2 1-0

[Event "8. Kurz-Open Buchen im Odenwald 2019"]
[Site "8. Kurz-Open Buchen im Odenwal"]
[Date "2019.09.07"]
[Round "3.15"]
[White "Friesen, Arthur"]
[Black "Stierle, Martin"]
[Result "1-0"]
[WhiteElo "1707"]
[BlackElo "1835"]
[PlyCount "47"]
[EventDate "2019.09.06"]

1. d4 c5 2. d5 Nf6 3. Nc3 d6 4. e4 g6 5. Nf3 Bg7 6. Be2 O-O 7. O-O Bg4 8. Nd2
Bxe2 9. Qxe2 Nfd7 10. Nc4 Na6 11. f4 Rb8 12. a4 Nc7 13. a5 b5 14. axb6 axb6 15.
e5 dxe5 16. fxe5 e6 17. d6 Na8 18. Nb5 Rb7 19. Qe4 Qc8 20. Na7 Rxa7 21. Rxa7 b5
22. Na3 Nxe5 23. Nxb5 f5 24. Rxg7+ 1-0

[Event "8. Kurz-Open Buchen im Odenwald 2019"]
[Site "8. Kurz-Open Buchen im Odenwal"]
[Date "2019.09.07"]
[Round "3.16"]
[White "Marocsik, Ferenc"]
[Black "Englert, Fred"]
[Result "0-1"]
[WhiteElo "1606"]
[BlackElo "1818"]
[PlyCount "78"]
[EventDate "2019.09.06"]

1. e4 c6 2. Nf3 d5 3. exd5 cxd5 4. Ne5 Nf6 5. d4 Nc6 6. Bf4 Qb6 7. Nxc6 bxc6 8.
b3 g6 9. Be2 Bg7 10. c3 Ne4 11. O-O O-O 12. Kh1 e5 13. Be3 Qa5 14. b4 Qc7 15.
f3 exd4 16. cxd4 Nd6 17. Bf4 Qd7 18. Be5 Nf5 19. Bxg7 Kxg7 20. Qd3 a5 21. g4
Ba6 22. Qd2 Bxe2 23. Qxe2 Rfe8 24. Qb2 Ne3 25. Rg1 axb4 26. Nd2 Qd6 27. Nb3 Nc4
28. Qb1 Re3 29. Qf1 Qf4 30. Rg3 Rae8 31. Nc5 Qxd4 32. Nb3 Qf4 33. Rd1 Ne5 34.
Rd4 Qf6 35. f4 Rxg3 36. hxg3 Nxg4 37. f5 Qg5 38. Rf4 Qh6+ 39. Kg2 Ne3+ 0-1

[Event "8. Kurz-Open Buchen im Odenwald 2019"]
[Site "8. Kurz-Open Buchen im Odenwal"]
[Date "2019.09.07"]
[Round "3.18"]
[White "Kail, Sindy"]
[Black "Goette, Johannes"]
[Result "1-0"]
[WhiteElo "1792"]
[PlyCount "101"]
[EventDate "2019.09.06"]

1. e4 e6 2. d4 d5 3. Nd2 Nf6 4. e5 Nfd7 5. Bd3 c5 6. c3 Nc6 7. Ne2 Qb6 8. Nf3
Be7 9. O-O O-O 10. Nf4 cxd4 11. cxd4 Nb4 12. Bb1 f6 13. exf6 Nxf6 14. Re1 Bd6
15. a3 Na6 16. Ne5 Qd8 17. Qd3 Qe7 18. f3 Nc7 19. g4 g5 20. Nh3 Bxe5 21. dxe5
Nd7 22. Bxg5 Qg7 23. Kg2 Rf7 24. Qe3 b6 25. Bh6 Qh8 26. Qg5+ Rg7 27. Bxg7 Qxg7
28. Qxg7+ Kxg7 29. f4 h6 30. Nf2 Bb7 31. Kg3 Nc5 32. b4 Nb3 33. Ra2 Nb5 34. Bd3
N5d4 35. Bc2 Rc8 36. Bxb3 Rc3+ 37. Kg2 Nxb3 38. h4 Ba6 39. Nd1 Rc4 40. Re3 Nc1
41. Rf2 d4 42. Rg3 d3 43. f5 Re4 44. Re3 exf5 45. gxf5 Rxh4 46. f6+ Kg6 47. f7
Bb7+ 48. Kg3 Rh1 49. f8=Q Rg1+ 50. Kf4 Ne2+ 51. Rexe2 1-0


[Site "8. Kurz-Open Buchen im Odenwal"]
[Date "2019.09.07"]
[Round "3.19"]
[White "Suliga, Eckhard"]
[Black "Kolb, Klaus"]
[Result "1-0"]
[WhiteElo "1662"]
[BlackElo "1308"]
[PlyCount "43"]
[EventDate "2019.09.06"]

1. e4 e5 2. Nf3 Nc6 3. Bb5 Nge7 4. d4 d6 5. dxe5 Ng6 6. exd6 Qxd6 7. O-O Bg4 8.
Qxd6 Bxd6 9. Nd4 Bd7 10. Nxc6 Bxc6 11. Bxc6+ bxc6 12. Be3 O-O 13. Nd2 Be5 14.
Nc4 a6 15. Rad1 Rfd8 16. Bd2 Bd4 17. Ba5 Rdc8 18. c3 Be5 19. Rd7 Ra7 20. Rfd1
Bf6 21. Bb6 Rb7 22. Nd6 1-0

[Event "8. Kurz-Open Buchen im Odenwald 2019"]
[Site "8. Kurz-Open Buchen im Odenwal"]
[Date "2019.09.08"]
[Round "4.1"]
[White "Zuferi, Enis"]
[Black "Becker, Matthias"]
[Result "1/2-1/2"]
[WhiteElo "2299"]
[BlackElo "2308"]
[PlyCount "101"]
[EventDate "2019.09.06"]

1. d4 g6 2. Nf3 Bg7 3. c4 d6 4. Nc3 e5 5. dxe5 dxe5 6. Qxd8+ Kxd8 7. Bd2 f6 8.
h4 Be6 9. Rd1 Nd7 10. e4 Bh6 11. h5 Bxd2+ 12. Nxd2 g5 13. Nb3 Kc8 14. Na5 Nh6
15. b4 c6 16. c5 Kc7 17. Bc4 Bxc4 18. Nxc4 Nf7 19. Rh3 Rhe8 20. Rf3 Re6 21. Ne2
b6 22. cxb6+ Nxb6 23. Na5 Nd6 24. Ng3 Rb8 25. a3 Na4 26. Rd2 Rd8 27. Rfd3 Nf7
28. Rxd8 Nxd8 29. Nf5 Nf7 30. Ng7 Re7 31. Rc2 Nd8 32. h6 Kb6 33. Rd2 Nf7 34.
Nf5 Rc7 35. Nc4+ Ka6 36. Ncd6 Nxd6 37. Rxd6 Nc3 38. f3 Nb5 39. Rxf6 Nxa3 40.
Nd6 Rd7 41. Nf7 Nc2+ 42. Ke2 Nxb4 43. Nxg5 Kb5 44. Rf7 Rxf7 45. Nxf7 a5 46. g4
a4 47. Kd2 a3 48. Kc3 Ka4 49. Nxe5 Na2+ 50. Kc2 Nb4+ 51. Kc3 1/2-1/2

[Event "8. Kurz-Open Buchen im Odenwald 2019"]
[Site "8. Kurz-Open Buchen im Odenwal"]
[Date "2019.09.08"]
[Round "4.2"]
[White "Eisenbeiser, Amadeus"]
[Black "Pogan, Nikolas"]
[Result "1-0"]
[WhiteElo "2383"]
[BlackElo "2251"]
[PlyCount "131"]
[EventDate "2019.09.06"]

1. e4 d6 2. d4 Nf6 3. Nc3 g6 4. Be2 Bg7 5. h4 c6 6. h5 Nxh5 7. Bxh5 gxh5 8. Be3
Qb6 9. b3 Qa5 10. Nge2 Nd7 11. Qd2 Nf6 12. f3 b5 13. Kf2 b4 14. Na4 Qb5 15. c4
bxc3 16. Naxc3 Qa5 17. Rac1 Bb7 18. Ng3 e6 19. b4 Qa3 20. Rb1 Rc8 21. Nxh5 Nxh5
22. Rxh5 d5 23. e5 Bf8 24. Rb3 Qa6 25. Rh1 Qb6 26. Qc2 Ba6 27. Na4 Qb5 28. Nb2
h5 29. a3 Qb6 30. Na4 Qb5 31. Rc3 Be7 32. Nb2 Qb6 33. f4 f5 34. exf6 Bxf6 35.
Na4 Qb5 36. Nc5 Ke7 37. Nd3 Qb6 38. Nc5 Qb5 39. Qd1 Rcg8 40. Nd3 h4 41. Qc2 Rg3
42. Ne1 Kd7 43. Rc5 Qb6 44. Nf3 Bc4 45. Ne5+ Bxe5 46. dxe5 Qb8 47. Rh2 a6 48.
Qd2 Bb5 49. Qd4 Qg8 50. f5 Rf3+ 51. Ke1 Rf1+ 52. Kd2 Qg3 53. Rc1 Rxc1 54. Kxc1
exf5 55. Rh1 Ke6 56. Qc5 Rd8 57. Rd1 Qg4 58. Rd4 Qg3 59. Rd2 Qg4 60. Qb6 Qc4+
61. Rc2 Qf1+ 62. Kb2 Ba4 63. Rd2 Bb5 64. Qd4 Rd7 65. Qxh4 Qc4 66. Qf6# 1-0

[Event "8. Kurz-Open Buchen im Odenwal"]
[Site "8. Kurz-Open Buchen im Odenwal"]
[Date "2019.09.08"]
[Round "4.3"]
[White "Jerie, Sven"]
[Black "Podat, Vladimir"]
[Result "0-1"]
[WhiteElo "2061"]
[BlackElo "2293"]
[PlyCount "101"]
[EventDate "2019.09.06"]

{[%evp 0,5,26,31,25,15,25,15]} 1. e4 e5 2. Nf3 Nc6 3. Bb5 Nge7 4. O-O g6 5. c3
Bg7 6. d4 exd4 7. cxd4 a6 8. Ba4 b5 9. Bb3 O-O 10. Bg5 h6 11. Bh4 d6 12. h3 Na5
13. Bc2 Bb7 14. Re1 Re8 15. Nc3 Nc4 16. Bb3 Qd7 17. Rb1 Na5 18. Bc2 Rad8 19.
Qd3 g5 20. Bg3 Ng6 21. Re2 c5 22. b4 Nc6 23. bxc5 dxc5 24. d5 Nb4 25. Qd2 Bxc3
26. Qxc3 Nxd5 27. Qxc5 Ndf4 28. Rd2 Qc6 29. Qe3 Rxd2 30. Qxd2 Qc4 31. Re1 Qxa2
32. Qd7 Re7 33. Qd8+ Kh7 34. Nd4 Qc4 35. Bxf4 gxf4 36. Nf5 Qc7 37. Qd4 Qe5 38.
Qd8 Rc7 39. Bb1 Rc8 40. Qd7 Qc7 41. Qd4 Qc3 42. Qd1 Ne5 43. Rf1 Rg8 44. Qh5 Rg6
45. Kh2 Qb2 46. Ne7 Rg5 47. Qd1 Qb4 48. Nd5 Qd6 49. Kh1 Bxd5 50. exd5+ Kg8 51.
Re1 {nicht weiter nachvollziehbar.} 0-1


[Site "8. Kurz-Open Buchen im Odenwal"]
[Date "2019.09.08"]
[Round "4.4"]
[White "Junesch, Gerhard"]
[Black "Behringer, Daniel"]
[Result "1-0"]
[WhiteElo "2303"]
[BlackElo "1939"]
[PlyCount "59"]
[EventDate "2019.09.06"]

1. Nf3 c5 2. c4 Nf6 3. Nc3 e6 4. d4 cxd4 5. Nxd4 d5 6. cxd5 Nxd5 7. Bd2 Bb4 8.
g3 Nxc3 9. bxc3 Bc5 10. Bg2 O-O 11. Nb3 Bb6 12. O-O Qc7 13. Qc2 Bd7 14. c4 Bc6
15. e4 Ba4 16. Rac1 Nd7 17. Qb2 Nc5 18. Qa3 Bxb3 19. axb3 Nd3 20. Rc2 Bxf2+ 21.
Rxf2 Nxf2 22. Kxf2 f5 23. Bb4 Qe5 24. Qb2 fxe4+ 25. Bxf8 Rxf8+ 26. Kg1 Qc5+ 27.
Kh1 e3 28. Re2 Rf2 29. Kg1 Qd6 30. Rxf2 1-0

[Event "8. Kurz-Open Buchen im Odenwal"]
[Site "8. Kurz-Open Buchen im Odenwal"]
[Date "2019.09.08"]
[Round "4.5"]
[White "Guelsen, Taylan"]
[Black "Lenhardt, Manfred"]
[Result "0-1"]
[WhiteElo "2162"]
[BlackElo "1978"]
[PlyCount "94"]
[EventDate "2019.09.06"]

{[%evp 0,75,19,31,32,25,27,-11,15,8,9,16,16,5,31,5,10,22,9,-3,10,1,25,-5,-7,
-32,-24,-13,0,-28,12,12,63,42,53,30,40,23,28,17,38,36,44,43,43,16,15,3,11,23,
47,20,133,12,270,-106,41,-64,-31,-41,-39,-142,-131,-340,-90,-91,-90,-195,-195,
-224,-6,-109,-16,-121,-91,-114,-62,-80]} 1. d4 d5 2. Nf3 Nf6 3. g3 e6 4. Bg2
Be7 5. O-O O-O 6. c4 c6 7. Nbd2 Nbd7 8. Qc2 b6 9. e4 Bb7 10. e5 Ne8 11. cxd5
cxd5 12. Re1 Rc8 13. Qd3 Nc7 14. Nf1 Na6 15. a3 Qc7 16. Ne3 Nab8 17. h4 a5 18.
h5 Ba6 19. Qd1 b5 20. h6 g6 21. Bd2 Nc6 22. Ng4 Qb6 23. Be3 b4 24. Qd2 Qd8 25.
Bg5 Bxg5 26. Nxg5 Nxd4 27. Nxh7 Nb3 28. Qe3 Kxh7 29. Qxb3 Qg5 30. Qd1 b3 31. f4
Qf5 32. Ne3 Qd3 33. Qg4 Qd4 34. Rad1 Qb6 35. Kh2 f5 36. Qg5 Qd8 37. Bxd5 Qxg5
38. fxg5 exd5 39. Rxd5 Rfd8 40. Rxa5 Bd3 41. Ra7 Kh8 42. Nd5 Be4 43. e6 Rc2+
44. Kg1 Ne5 45. Nf4 Rdd2 46. Re2 Rd1+ 47. Kf2 Ng4# 0-1

[Event "8. Kurz-Open Buchen im Odenwal"]
[Site "8. Kurz-Open Buchen im Odenwal"]
[Date "2019.09.08"]
[Round "4.6"]
[White "Herbold, Manfred"]
[Black "Steinbach, Peter"]
[Result "1/2-1/2"]
[WhiteElo "2053"]
[BlackElo "1920"]
[PlyCount "36"]
[EventDate "2019.09.06"]

{[%evp 0,8,19,38,41,11,95,34,40,-1,13]} 1. e4 Nc6 2. Nf3 f5 3. e5 d6 4. d4 dxe5
5. d5 e4 6. dxc6 Qxd1+ 7. Kxd1 exf3 8. Bb5 Kf7 9. gxf3 e5 10. f4 e4 11. Bc4+
Be6 12. cxb7 Rd8+ 13. Nd2 Bxc4 14. b8=Q Rxb8 15. Nxc4 Bc5 16. Be3 Bxe3 17. fxe3
Nf6 18. Ke2 Ke6 1/2-1/2

[Event "8. Kurz-Open Buchen im Odenwald 2019"]
[Site "8. Kurz-Open Buchen im Odenwal"]
[Date "2019.09.08"]
[Round "4.7"]
[White "Wambach, Juergen"]
[Black "Huth, Arno"]
[Result "1-0"]
[WhiteElo "1992"]
[BlackElo "2048"]
[PlyCount "35"]
[EventDate "2019.09.06"]

1. c4 Nf6 2. g3 c5 3. Bg2 d5 4. cxd5 Nxd5 5. Nc3 Nc7 6. Nf3 Nc6 7. O-O e5 8. a3
Bd7 9. e3 Ne6 10. b3 Be7 11. Bb2 O-O 12. d3 h6 13. Nd5 Bd6 14. Nd2 Rc8 15. f4
exf4 16. gxf4 Qh4 17. Rf3 Ned4 18. Rg3 1-0

[Event "8. Kurz-Open Buchen im Odenwald 2019"]
[Site "8. Kurz-Open Buchen im Odenwal"]
[Date "2019.09.08"]
[Round "4.8"]
[White "Schallner, Marc"]
[Black "Friesen, Arthur"]
[Result "1-0"]
[WhiteElo "2041"]
[BlackElo "1707"]
[PlyCount "89"]
[EventDate "2019.09.06"]

1. e4 c5 2. Nf3 d6 3. d4 cxd4 4. Nxd4 Nf6 5. Nc3 a6 6. Be3 e5 7. Nb3 Be7 8. f3
h5 9. Qd2 Be6 10. O-O-O Nbd7 11. Rg1 b5 12. h3 Nb6 13. Qf2 Nfd7 14. g4 hxg4 15.
hxg4 Rc8 16. Nd5 Bxd5 17. exd5 Nc4 18. Bxc4 bxc4 19. Nd2 Qa5 20. Kb1 Qb4 21. c3
Qb5 22. Ne4 Nf6 23. Nxf6+ gxf6 24. Qd2 Rh3 25. Qg2 Rb8 26. Rd2 Rh8 27. Rh1 Rg8
28. Qh3 Bd8 29. Qh7 Rg6 30. Rh6 Rxh6 31. Bxh6 Ba5 32. Kc1 Ke7 33. g5 Qe8 34.
gxf6+ Kd7 35. Bg7 Rb5 36. Qe4 Rc5 37. Rh2 Qa8 38. Qf5+ Kc7 39. Rh8 Qb7 40. Rf8
Kb6 41. Bh6 Rxd5 42. Be3+ Kb5 43. Qe4 Bb6 44. a4+ Ka5 45. b4+ 1-0

[Event "8. Kurz-Open Buchen im Odenwald 2019"]
[Site "8. Kurz-Open Buchen im Odenwal"]
[Date "2019.09.08"]
[Round "4.9"]
[White "Wenninger, Patrick"]
[Black "Hefner, Felix"]
[Result "1-0"]
[WhiteElo "1954"]
[BlackElo "2036"]
[PlyCount "150"]
[EventDate "2019.09.06"]

1. Nf3 d5 2. d4 Nf6 3. c4 c6 4. Nc3 dxc4 5. a4 Bf5 6. e3 e6 7. Bxc4 Nbd7 8. O-O
Bb4 9. Qe2 Bg6 10. e4 O-O 11. Bd3 Bh5 12. e5 Nd5 13. Nxd5 cxd5 14. Qe3 Re8 15.
Ng5 Nf8 16. Qh3 Bg6 17. Bxg6 hxg6 18. f4 Rc8 19. Qh4 f6 20. Rf3 fxg5 21. fxg5
Nd7 22. Be3 Rf8 23. Rh3 Qe7 24. Qh7+ Kf7 25. Rh6 Ke8 26. Qxg6+ Qf7 27. Qxf7+
Rxf7 28. Rh3 g6 29. a5 Rc2 30. a6 bxa6 31. Rxa6 Nf8 32. Rf3 Rfc7 33. Rf2 R2c6
34. Ra1 a5 35. Bd2 Rc2 36. Bxb4 Rxf2 37. Kxf2 axb4 38. Re1 Rc2+ 39. Re2 Rxe2+
40. Kxe2 Nd7 41. Kd3 Nb8 42. g4 Nc6 43. h4 Kf7 44. h5 Kg7 45. Ke3 Na5 46. Kd3
Nc4 47. Kc2 Ne3+ 48. Kb3 Nxg4 49. h6+ Kh7 50. Kxb4 Nh2 51. Kc5 Nf3 52. b4 Nxg5
53. Kd6 Ne4+ 54. Kxe6 g5 55. Kxd5 Nc3+ 56. Kc4 g4 57. Kxc3 g3 58. e6 g2 59. e7
g1=Q 60. e8=Q Qc1+ 61. Kd3 Qf1+ 62. Qe2 Qb1+ 63. Kc4 Qc1+ 64. Kb5 Kxh6 65. d5
Qc7 66. Qe6+ Kg7 67. d6 Qb7+ 68. Kc5 Qa7+ 69. Kb5 Qb7+ 70. Kc5 Qa7+ 71. Kc6
Qa6+ 72. Kc7 Qa7+ 73. Kc8 Qa8+ 74. Kd7 Qb7+ 75. Kd8 Qb8+ 1-0


[Site "8. Kurz-Open Buchen im Odenwal"]
[Date "2019.09.08"]
[Round "4.10"]
[White "Eisenbeiser, Karlheinz"]
[Black "Baum, Michael"]
[Result "0-1"]
[WhiteElo "1931"]
[BlackElo "1930"]
[PlyCount "92"]
[EventDate "2019.09.06"]

1. e4 Nf6 2. e5 Nd5 3. d4 d6 4. f4 dxe5 5. dxe5 Bf5 6. c4 Nb4 7. Qxd8+ Kxd8 8.
Na3 N8c6 9. Nf3 e6 10. Be3 a6 11. Be2 Be7 12. Kf2 Ke8 13. Rhd1 Rd8 14. Rxd8+
Kxd8 15. Nd4 Nxd4 16. Bxd4 Kc8 17. Bc3 Rd8 18. g3 Nd3+ 19. Kg2 Nxb2 20. Nb1
Be4+ 21. Kf1 Na4 22. Be1 Bc5 23. Nd2 Bd4 24. Rd1 Bc6 25. Nb3 Be3 26. Rxd8+ Kxd8
27. Bf2 Bxf2 28. Kxf2 Nc3 29. Nc1 Nxe2 30. Nxe2 Ba4 31. c5 Kd7 32. Ke3 Bc6 33.
a3 b5 34. Kd4 Bd5 35. Nc3 Bg2 36. Nd1 Kc6 37. Ne3 Bf3 38. Nc2 a5 39. Ne3 Be2
40. Nc2 Bd1 41. Ne3 Bb3 42. Kc3 Bd5 43. Kd4 b4 44. axb4 axb4 45. f5 b3 46. Nxd5
exd5 0-1

[Event "8. Kurz-Open Buchen im Odenwald 2019"]
[Site "8. Kurz-Open Buchen im Odenwal"]
[Date "2019.09.08"]
[Round "4.11"]
[White "Englert, Fred"]
[Black "Floerchinger, Peter"]
[Result "0-1"]
[WhiteElo "1818"]
[BlackElo "1950"]
[PlyCount "106"]
[EventDate "2019.09.06"]

1. c4 c5 2. g3 Nc6 3. Bg2 g6 4. Nc3 Bg7 5. Nf3 d6 6. O-O Nf6 7. d4 O-O 8. h3
cxd4 9. Nxd4 Bd7 10. e3 Nxd4 11. exd4 Qc8 12. Kh2 Qxc4 13. Bxb7 Rab8 14. Bg2 d5
15. Re1 e6 16. Bf1 Qc6 17. Qe2 Rb4 18. a3 Rb3 19. Bf4 Nh5 20. Be3 Rfb8 21. Ra2
Qb6 22. g4 Nf6 23. Bf4 Rb7 24. Nd1 Qxd4 25. Be5 Qb6 26. Bg2 Ne8 27. Bxg7 Kxg7
28. g5 Qd6+ 29. Kg1 Qf4 30. Qe5+ Qxe5 31. Rxe5 Nd6 32. Kh2 Nf5 33. Ra1 Rc7 34.
Re2 Bb5 35. Rd2 h6 36. gxh6+ Kxh6 37. Nc3 Bc4 38. Bf3 d4 39. Ne2 Rxf3 40. Nxd4
Nxd4 41. Rxd4 Rxf2+ 42. Kg3 Rc2 43. b4 Rc3+ 44. Kh2 Bd5 45. a4 Rc2+ 46. Kg3
R7c3+ 47. Kf4 f6 48. Rxd5 exd5 49. Rf1 Rxh3 50. Kg4 Rd3 51. Rh1+ Kg7 52. Rf1
Rc4+ 53. Rf4 f5+ 0-1

[Event "8. Kurz-Open Buchen im Odenwald 2019"]
[Site "8. Kurz-Open Buchen im Odenwal"]
[Date "2019.09.08"]
[Round "4.12"]
[White "Bertz, Uwe"]
[Black "Wolff, Sidney Robert"]
[Result "1-0"]
[WhiteElo "1921"]
[BlackElo "1722"]
[PlyCount "47"]
[EventDate "2019.09.06"]

1. e4 c5 2. Nf3 d6 3. Bc4 Nc6 4. d4 cxd4 5. c3 g6 6. cxd4 Bg7 7. Nc3 Nf6 8. Bb3
O-O 9. h3 a5 10. Qe2 Bd7 11. O-O Be8 12. Bg5 Nd7 13. Rad1 h6 14. Bh4 Kh7 15. e5
dxe5 16. dxe5 f6 17. e6 g5 18. exd7 Bh5 19. Bg3 f5 20. Nxg5+ Kg6 21. Nf3 f4 22.
Qe4+ Rf5 23. Nh4+ Kg5 24. Qxf5# 1-0

[Event "8. Kurz-Open Buchen im Odenwald 2019"]
[Site "8. Kurz-Open Buchen im Odenwal"]
[Date "2019.09.08"]
[Round "4.13"]
[White "Mueller, Michael"]
[Black "Kail, Oliver"]
[Result "1-0"]
[WhiteElo "1893"]
[BlackElo "1400"]
[PlyCount "89"]
[EventDate "2019.09.06"]

1. e4 e5 2. Nf3 Nc6 3. Bc4 Bc5 4. c3 d6 5. b4 Bb6 6. a4 a6 7. d3 h6 8. Nbd2 Nf6
9. O-O O-O 10. Re1 Re8 11. Nf1 d5 12. exd5 Nxd5 13. Qb3 Be6 14. Ra2 Qd6 15.
Rae2 f6 16. d4 Kf7 17. dxe5 fxe5 18. Ng3 Rad8 19. b5 axb5 20. axb5 Na5 21.
Nxe5+ Kg8 22. Qc2 Nxc4 23. Nxc4 Qc5 24. Nxb6 Qxb6 25. c4 Nf6 26. Bxh6 Rd7 27.
Bg5 Bf7 28. Bxf6 Rxe2 29. Qxe2 Qxf6 30. h3 Rd4 31. c5 Rc4 32. Qd3 Qd4 33. Qxd4
Rxd4 34. Re7 Rb4 35. Rxc7 Rxb5 36. Nf5 Rb1+ 37. Kh2 Rc1 38. h4 Rc2 39. Kg3 Rc3+
40. f3 Be6 41. Nxg7 Bd5 42. h5 Bc6 43. Ne6 Bd5 44. Nf4 Bc6 45. h6 1-0

[Event "8. Kurz-Open Buchen im Odenwald 2019"]
[Site "8. Kurz-Open Buchen im Odenwal"]
[Date "2019.09.08"]
[Round "4.14"]
[White "Kamm, Guenter"]
[Black "Suliga, Eckhard"]
[Result "0-1"]
[WhiteElo "1869"]
[BlackElo "1662"]
[PlyCount "80"]
[EventDate "2019.09.06"]

1. Nf3 Nf6 2. c4 e6 3. g3 b6 4. Bg2 Bb7 5. O-O Be7 6. Nc3 Ne4 7. Qc2 Nxc3 8.
Qxc3 O-O 9. Qc2 f5 10. d4 Be4 11. Qd1 d6 12. b3 Nd7 13. Bb2 Bf6 14. Qd2 Qe8 15.
Ng5 Bxg2 16. Kxg2 h6 17. Nf3 Rd8 18. Qc2 Qh5 19. e4 f4 20. h3 Qg6 21. Qe2 e5
22. d5 Rf7 23. Nd2 Rdf8 24. Kh2 Bg5 25. g4 f3 26. Qe1 Bxd2 27. Qxd2 Qxe4 28.
Kg3 Qg6 29. Kh2 Nf6 30. Rg1 Nd7 31. Rae1 Rf4 32. Rg3 Nc5 33. Re3 Qf6 34. Qc2
Qf7 35. b4 Nd7 36. Qd3 Qf6 37. Qc2 Qf7 38. Rg1 Qf6 39. Qa4 Qf7 40. Qc6 Nf6 {
nicht weiter nachvollziehbar.} 0-1


[Site "8. Kurz-Open Buchen im Odenwal"]
[Date "2019.09.08"]
[Round "4.15"]
[White "Trunk, Mika"]
[Black "Simbikangwa, Philippe"]
[Result "0-1"]
[WhiteElo "1615"]
[BlackElo "1828"]
[PlyCount "50"]
[EventDate "2019.09.06"]

1. d4 Nf6 2. Nf3 g6 3. Bf4 Bg7 4. c3 O-O 5. Nbd2 d6 6. e3 Nh5 7. Bg3 Nd7 8. Be2
Nxg3 9. hxg3 e5 10. dxe5 dxe5 11. Ne4 Qe7 12. Bc4 Nb6 13. Bb3 Bf5 14. Nfg5 h6
15. g4 Bd7 16. Nxf7 Rxf7 17. Bxf7+ Qxf7 18. O-O Bc6 19. Qc2 Nd5 20. Nd2 Kh7 21.
Qb3 Qd7 22. Nc4 Qxg4 23. f3 Qg5 24. e4 Nf4 25. Rf2 Nh3+ 0-1


[Site "8. Kurz-Open Buchen im Odenwal"]
[Date "2019.09.08"]
[Round "4.16"]
[White "Kail, Thomas"]
[Black "Kail, Sindy"]
[Result "0-1"]
[WhiteElo "1528"]
[BlackElo "1792"]
[PlyCount "34"]
[EventDate "2019.09.06"]

1. d4 d5 2. Bf4 Nf6 3. e3 e6 4. Nf3 Nbd7 5. c3 Be7 6. Qc2 c5 7. b3 O-O 8. Bd3
h6 9. Nbd2 a6 10. h4 b5 11. Ne5 Bb7 12. f3 Nxe5 13. Bxe5 Nd7 14. Bg3 Rc8 15. h5
Qa5 16. Qb2 cxd4 17. cxd4 Ba3 0-1

[Event "8. Kurz-Open Buchen im Odenwald 2019"]
[Site "8. Kurz-Open Buchen im Odenwal"]
[Date "2019.09.08"]
[Round "4.17"]
[White "Ensslinger, Colin"]
[Black "Wolff, Calvin"]
[Result "1-0"]
[WhiteElo "1666"]
[BlackElo "1136"]
[PlyCount "85"]
[EventDate "2019.09.06"]

1. e4 e5 2. Nf3 Nc6 3. Bb5 Bc5 4. O-O d6 5. c3 Bg4 6. d3 a6 7. Bxc6+ bxc6 8.
Qa4 Qd7 9. Nbd2 Nf6 10. d4 Bb6 11. dxe5 c5 12. Qb3 Nh5 13. exd6 Be6 14. Nc4 Rb8
15. Nfe5 Qb5 16. d7+ Kd8 17. Qxb5 axb5 18. Nc6+ Kxd7 19. N4e5+ Kc8 20. Nxb8
Kxb8 21. Be3 f6 22. Nd3 c4 23. Nf4 Nxf4 24. Bxf4 g5 25. Be3 h5 26. Bxb6 cxb6
27. f4 g4 28. a4 bxa4 29. Rxa4 Kb7 30. f5 Bf7 31. Rd1 Kc6 32. Ra7 Rf8 33. Rdd7
Kb5 34. Rxf7 Rxf7 35. Rxf7 Ka4 36. Rxf6 b5 37. Rb6 b4 38. Rxb4+ Ka5 39. f6 Ka6
40. f7 Ka7 41. f8=Q h4 42. Qb8+ Ka6 43. Qa8# 1-0

[Event "8. Kurz-Open Buchen im Odenwald 2019"]
[Site "8. Kurz-Open Buchen im Odenwal"]
[Date "2019.09.08"]
[Round "5.3"]
[White "Wenninger, Patrick"]
[Black "Junesch, Gerhard"]
[Result "1/2-1/2"]
[WhiteElo "1954"]
[BlackElo "2303"]
[PlyCount "26"]
[EventDate "2019.09.06"]

1. d4 Nf6 2. c4 e6 3. Nf3 d5 4. g3 Bb4+ 5. Bd2 Be7 6. Bg2 O-O 7. O-O c6 8. Qc2
b6 9. Rd1 Nbd7 10. Bf4 Bb7 11. Nc3 dxc4 12. Ne5 Nxe5 13. dxe5 Nd7 1/2-1/2

[Event "8. Kurz-Open Buchen im Odenwald 2019"]
[Site "8. Kurz-Open Buchen im Odenwal"]
[Date "2019.09.08"]
[Round "5.5"]
[White "Baum, Michael"]
[Black "Wambach, Juergen"]
[Result "0-1"]
[WhiteElo "1930"]
[BlackElo "1992"]
[PlyCount "76"]
[EventDate "2019.09.06"]

1. b3 d6 2. Bb2 Nd7 3. c4 c6 4. Nc3 e5 5. g3 Be7 6. Bg2 h5 7. h4 a5 8. d4 Qc7
9. Nf3 Nh6 10. Qc2 Ng4 11. e4 f6 12. Rd1 Kf7 13. a3 Nf8 14. O-O g5 15. hxg5
fxg5 16. dxe5 dxe5 17. Nxe5+ Nxe5 18. f4 gxf4 19. Rxf4+ Ke8 20. Ne2 Nfg6 21. c5
Bg4 22. Rdf1 Rg8 23. R4f2 Rd8 24. b4 h4 25. Qb3 Kd7 26. Rd1+ Kc8 27. Rxd8+ Rxd8
28. Nd4 hxg3 29. Rf1 Qd7 30. Qxg3 Bh4 31. Qb3 Qe7 32. Nf5 Bxf5 33. exf5 Nf8 34.
Qc2 Nd3 35. f6 Qe3+ 36. Kh1 Bf2 37. Kh2 Qg3+ 38. Kh1 Qh4+ 0-1


[Site "8. Kurz-Open Buchen im Odenwal"]
[Date "2019.09.08"]
[Round "5.6"]
[White "Pogan, Nikolas"]
[Black "Jerie, Sven"]
[Result "1/2-1/2"]
[WhiteElo "2251"]
[BlackElo "2061"]
[PlyCount "19"]
[EventDate "2019.09.06"]

1. Nf3 Nf6 2. c4 g6 3. Nc3 Bg7 4. g3 O-O 5. Bg2 d6 6. d4 Nbd7 7. O-O e5 8. h3
c6 9. e4 Qb6 10. d5 1/2-1/2

[Event "8. Kurz-Open Buchen im Odenwald 2019"]
[Site "8. Kurz-Open Buchen im Odenwal"]
[Date "2019.09.08"]
[Round "5.7"]
[White "Floerchinger, Peter"]
[Black "Bertz, Uwe"]
[Result "1/2-1/2"]
[WhiteElo "1950"]
[BlackElo "1921"]
[PlyCount "21"]
[EventDate "2019.09.06"]

1. d4 d5 2. c4 c6 3. Nf3 Nf6 4. Nc3 Bf5 5. e3 e6 6. cxd5 exd5 7. Bd3 Bxd3 8.
Qxd3 Bd6 9. O-O O-O 10. Re1 Nbd7 11. e4 1/2-1/2

[Event "8. Kurz-Open Buchen im Odenwald 2019"]
[Site "8. Kurz-Open Buchen im Odenwal"]
[Date "2019.09.08"]
[Round "5.9"]
[White "Huth, Arno"]
[Black "Kail, Sindy"]
[Result "1/2-1/2"]
[WhiteElo "2048"]
[BlackElo "1792"]
[PlyCount "42"]
[EventDate "2019.09.06"]

1. c4 e6 2. d4 d5 3. Nc3 Nf6 4. Bg5 Be7 5. Nf3 Nbd7 6. e3 c6 7. cxd5 exd5 8.
Bd3 O-O 9. O-O Re8 10. Rb1 Ne4 11. Bxe4 Bxg5 12. Bd3 a5 13. a3 Be7 14. Qc2 Nf8
15. b4 Bd6 16. e4 dxe4 17. Bxe4 Be6 18. bxa5 Qc7 19. a4 Rxa5 20. g3 f5 21. Bd3
h6 1/2-1/2